| 000 | 00350 a2200109 4500 | ||
|---|---|---|---|
| 020 | _a8123901488 | ||
| 082 | _a624.1821 KRI | ||
| 100 | _aKrishanamurthy,D | ||
| 245 |
_aStructural Design and Drawing : steel structures [vol-3] / _cD.Krishanamurthy |
||
| 260 |
_aNew Delhi : _cCBS Publishers and Distributers, _b2006 |
||
| 300 |
_aiv,182p. : _bill . ; _c20cm |
||
| 650 | _asteel structure | ||
| 999 |
_c1311 _d1311 |
||